000 00342 a2200157 4500
001 192958
020 _a978-85-02-08217-5
040 _cMagnum
100 _aAlbergaria, Lino de
240 1 0 _aMiguel e o sexto ano
_lING
245 1 0 _aMiguel e o sexto ano
300 _a71
362 0 _a2013
697 _aLITERATURA JUVENIL
942 _cBK
999 _c192958
_d192958